Open Data Biblioteca Nacional de Portugal


República Portuguesa: Ministério da Cultura
Biblioteca Nacional de Portugal

Catálogo da BNP: acesso por Identificadores Unívocos
Registos Bibliográficos associados ao registo de autoridade

Etiqueta de registo: 00254nam 2200025 450
001 2289184
003 http://id.bnportugal.gov.pt/bib/catbnp/2289184
010 ## $a978-989-677-227-7
021 ## $aPT$b565308/26
100 ## $a20260630d2026 m y0pory01030103ba
101 0# $apor
102 ## $aPT
105 ## $aa z 000yy
106 ## $ar
200 1# $aAntónio Gentil Martins$e uma vida, muitas vidas$fAna Sofia Silva Lopes$gpref. Margarida Balseiro Lopes
205 ## $a1ª ed. rev. e aument
210 #9 $aSintra$cZéfiro,$d2026
215 ## $a109, [3] p.$cil.$d23 cm
700 #1 $aLopes,$bAna Sofia,$f1976-$31824003
702 #1 $aLopes,$bMargarida Balseiro$4080$32002061
801 #0 $aPT$bBN$gRPC
966 ## $lBN$mFGMON$x1
966 ## $lBN$mFGMON$x1

OpendataBNP@bnportugal.pt | Mais informação sobre acesso aos dados BNP